| 000 | 00446nam a22001457a 4500 | ||
|---|---|---|---|
| 020 | _a9788854034488 | ||
| 040 | _cNUST | ||
| 082 | _a623.746 NIC | ||
| 100 |
_aNiccoli, Riccardo _9109946 |
||
| 110 |
_aManferto, Marco De Fabianis _9109947 |
||
| 245 |
_aCombat Aircraft : _bThe Legendary Models from World War 1 to The present Day |
||
| 260 |
_aItaly: _bWhite Star Publishers, _c2017. |
||
| 650 |
_aAirplanes, Military _9109948 |
||
| 942 |
_2ddc _cBK |
||
| 999 |
_c593552 _d593552 |
||